Logo CIB grande

Essentials of business analytics : ana introduction to the methodology and its applications (Registro nro. 237534)

Detalles MARC
000 -LEADER
campo de control de longitud fija 00720nam a2200217Ia 4500
005 - FECHA Y HORA DE LA ÚLTIMA TRANSACCIÓN
campo de control 20250425162836.0
008 - DATOS DE LONGITUD FIJA--INFORMACIÓN GENERAL
campo de control de longitud fija 250425s9999 xx 000 0 und d
020 ## - NÚMERO INTERNACIONAL ESTÁNDAR DEL LIBRO
Número Internacional Estándar del Libro 9783319688374
041 ## - CÓDIGO DE IDIOMA
Código de lengua del texto/banda sonora o título independiente eng
082 ## - NÚMERO DE LA CLASIFICACIÓN DECIMAL DEWEY
Número de clasificación 658.403
Iniciales del Autor POC
010 ## - NÚMERO DE CONTROL DE LA BIBLIOTECA DEL CONGRESO
Número de control de LC 112366
100 ## - ENTRADA PRINCIPAL--NOMBRE DE PERSONA
Nombre de persona Pochiraju, Bhimasankaram, editor
245 #0 - MENCIÓN DEL TÍTULO
Título Essentials of business analytics : ana introduction to the methodology and its applications
Mención de responsabilidad, etc. editado por Bhimasankaram Pochiraju; Sridhar Seshadri
260 ## - PUBLICACIÓN, DISTRIBUCIÓN, ETC.
Lugar de publicación, distribución, etc. Swizerland
Nombre del editor, distribuidor, etc. Springer
Fecha de publicación, distribución, etc. 2019
300 ## - DESCRIPCIÓN FÍSICA
Extensión 980 páginas
Otras características físicas ilustraciones
Dimensiones 24 cm.
650 ## - PUNTO DE ACCESO ADICIONAL DE MATERIA--TÉRMINO DE MATERIA
Término de materia o nombre geográfico como elemento de entrada Business Analytics
650 ## - PUNTO DE ACCESO ADICIONAL DE MATERIA--TÉRMINO DE MATERIA
Término de materia o nombre geográfico como elemento de entrada Methodology and Applications
700 ## - ENTRADA AGREGADA--NOMBRE PERSONAL
Nombre de persona Seshadri, Sridhar, editor
902 ## - ELEMENTOS DE DATOS B LOCAL, LDB (RLIN)
a Libro
c Impreso
942 ## - ELEMENTOS DE ENTRADA SECUNDARIOS (KOHA)
Tipo de ítem Koha Libros
Existencias
Estatus retirado Estado de pérdida Fuente de la clasificación o esquema de estantería Estado de daño No para préstamo Biblioteca de origen Biblioteca actual Fecha de adquisición Coste, precio normal de compra Etiqueta RFID Total de préstamos Signatura topográfica completa Código de barras Visto por última vez Copia número Fecha de reemplazo Tipo de ítem Koha Nota pública forma de adquisición
    Clasificación Decimal Dewey     ESCUELA DE NEGOCIOS CENTRO DE INFORMACIÓN BIBLIOTECARIA 17/05/2023 220.00 0000000000000000035809   658.403 POC 80758 08/08/2025 1 08/08/2025 Libros CIB Compra / Multilibro

Copyright 2025 ESPOL. Todos los derechos reservados.